000
00313nam a2200145Ia 4500
100
_a
Leon Alexis/ Thomas/ Gibu
250
_a
3
942
_c
BK
654
_a
IBM
245
_a
IBM mainframe and year 2000 solutions
260
_b
ComDex
_a
Reading
_c
1998
300
_a
875
546
_a
ENGLISH
999
_c
26508
_d
26508